[Event "CYCC U18"]
[Site "Montreal CAN"]
[Date "2014.07.15"]
[Round "3"]
[White "Knox, Christopher"]
[Black "Dukic, Zachary"]
[Result "1-0"]
[WhiteElo "2294"]
[BlackElo "2170"]
[PlyCount "65"]
[EventDate "2014.07.15"]
[EventType "swiss"]
[EventRounds "7"]
[EventCountry "CAN"]

1. d4 Nf6 2. Nf3 e6 3. e3 c5 4. Bd3 b6 5. c4 Bb7 6. O-O Be7 7. Nc3 d6 8. d5
exd5 9. cxd5 O-O 10. e4 Nbd7 11. h3 a6 12. a4 Re8 13. Bf4 Qc7 14. Nd2 Ne5 15.
Be2 Bf8 16. Bh2 Qb8 17. f4 Ng6 18. Bc4 Bc8 19. Qc2 Ra7 20. Nf3 Nd7 21. Rae1 f6
22. h4 Qb7 23. h5 Ne7 24. e5 b5 25. axb5 Nb6 26. exf6 gxf6 27. Ne4 Bf5 28.
Nxf6+ Kh8 29. Bd3 Nbxd5 30. Nxe8 Qd7 31. Bxf5 Nxf5 32. b6 Rb7 33. Qe4 1-0

[Event "CYCC U18"]
[Site "Montreal CAN"]
[Date "2014.07.16"]
[Round "3"]
[White "Luo, Zhao Yang"]
[Black "Datcu-Romano, Alex"]
[Result "1-0"]
[WhiteElo "2063"]
[BlackElo "1014"]
[PlyCount "123"]
[EventDate "2014.07.15"]
[EventType "swiss"]
[EventRounds "7"]
[EventCountry "CAN"]

1. d4 d5 2. Nf3 Nc6 3. c4 e6 4. Nc3 Nf6 5. Bg5 Be7 6. e3 O-O 7. Bd3 Nb4 8. O-O
b6 9. Be2 Bb7 10. Ne5 Nd7 11. Bf4 Nxe5 12. Bxe5 Bd6 13. Bxd6 Qxd6 14. Bf3 Rab8
15. a3 Na6 16. Qa4 c6 17. b4 Ra8 18. Rfc1 Nc7 19. Rab1 b5 20. cxb5 cxb5 21.
Nxb5 Nxb5 22. Qxb5 Qa6 23. Be2 Qxb5 24. Bxb5 a5 25. Rc7 axb4 26. Rxb7 bxa3 27.
Kf1 a2 28. Ra1 Rfc8 29. Bd3 Rc3 30. Rxa2 Rac8 31. Rc2 Rxc2 32. Bxc2 g6 33. Ba4
Kg7 34. Ke2 h5 35. Bd7 Ra8 36. Bxe6 Rf8 37. Bxd5 Kh6 38. Rxf7 Rb8 39. Be4 Rb2+
40. Kf3 Rb5 41. Rf6 Rg5 42. Rxg6+ Rxg6 43. Bxg6 Kxg6 44. Kf4 Kf6 45. h4 Kg6 46.
e4 Kf6 47. d5 Ke7 48. e5 Kd7 49. Kf5 Ke7 50. e6 Kf8 51. Kf6 Ke8 52. e7 Kd7 53.
Kf7 Kd6 54. e8=Q Kxd5 55. Qd7+ Kc4 56. Qd6 Kb5 57. Qc7 Ka6 58. Qb8 Ka5 59. Ke6
Ka6 60. Kd5 Ka5 61. Kc5 Ka6 62. Qa8# 1-0

[Event "CYCC U18"]
[Site "Montreal CAN"]
[Date "2014.07.16"]
[Round "3"]
[White "Nyamdorj, Davaa-Ochir"]
[Black "Kalra, Agastya"]
[Result "1-0"]
[WhiteElo "2098"]
[BlackElo "2083"]
[PlyCount "109"]
[EventDate "2014.07.15"]
[EventType "swiss"]
[EventRounds "7"]
[EventCountry "CAN"]

1. e4 c5 2. Nf3 d6 3. d4 cxd4 4. Nxd4 Nf6 5. Nc3 g6 6. Be3 Bg7 7. f3 Nc6 8. Bc4
O-O 9. Qd2 Bd7 10. O-O-O Rc8 11. Bb3 Nxd4 12. Bxd4 b5 13. h4 a5 14. h5 a4 15.
Bxf6 exf6 16. Bd5 f5 17. hxg6 hxg6 18. g4 Rxc3 19. Qh2 Re8 20. bxc3 Qf6 21.
gxf5 Qxc3 22. Rd3 Qb2+ 23. Kd2 Rc8 24. Qh7+ Kf8 25. Rc1 Qf6 26. Qh2 gxf5 27.
Rb1 Rc3 28. Kd1 Ke7 29. Qe2 Kf8 30. Rxc3 Qxc3 31. Qd3 Qc5 32. Ke2 b4 33. Bc4
Qe5 34. Qd5 Qh2+ 35. Kd3 fxe4+ 36. Qxe4 Bc3 37. Rd1 Qh3 38. Qf4 Bf5+ 39. Ke2
Be5 40. Qe3 Bxc2 41. Rc1 Qg2+ 42. Qf2 Qxf2+ 43. Kxf2 b3 44. axb3 axb3 45. Rh1
b2 46. Ba2 d5 47. Bb1 Bxb1 48. Rxb1 Ke7 49. Ke3 Kd6 50. f4 Bf6 51. Kd3 Kc5 52.
Rh1 Kb4 53. Kc2 Ka3 54. Rh3+ Ka2 55. Rg3 1-0

[Event "CYCC U18"]
[Site "Montreal CAN"]
[Date "2014.07.16"]
[Round "4"]
[White "D'Souza, Justin"]
[Black "Leenus, Alvin"]
[Result "1-0"]
[WhiteElo "1535"]
[BlackElo "1131"]
[PlyCount "39"]
[EventDate "2014.07.15"]
[EventType "swiss"]
[EventRounds "7"]
[EventCountry "CAN"]

1. c4 e5 2. Nc3 d6 3. g3 f5 4. d3 Nf6 5. Bg2 c6 6. e4 Be6 7. b3 d5 8. cxd5 cxd5
9. exd5 Nxd5 10. Nge2 Nc6 11. O-O Bc5 12. Na4 Bd6 13. Bb2 Qg5 14. Qc1 Qg6 15.
Nc5 Rb8 16. Nxb7 Nd4 17. Nxd6+ Kd7 18. Nxd4 exd4 19. Nc4 f4 20. Ne5+ 1-0

[Event "CYCC U18"]
[Site "Montreal CAN"]
[Date "2014.07.16"]
[Round "4"]
[White "Datcu-Romano, Alex"]
[Black "Wu, Stanley"]
[Result "0-1"]
[WhiteElo "1014"]
[BlackElo "1765"]
[PlyCount "88"]
[EventDate "2014.07.15"]
[EventType "swiss"]
[EventRounds "7"]
[EventCountry "CAN"]

1. e4 c6 2. d4 d5 3. e5 Bf5 4. Nf3 e6 5. g3 Nd7 6. Bg2 Bg6 7. O-O Ne7 8. Bg5 h6
9. Bd2 Nf5 10. Nc3 c5 11. Be3 cxd4 12. Bxd4 Be7 13. Rc1 O-O 14. Qd2 Nxd4 15.
Qxd4 Qa5 16. Nh4 Bh7 17. Kh1 Bc5 18. Qa4 Qxa4 19. Nxa4 Be7 20. f4 b5 21. Nc3 b4
22. Nb5 Rfc8 23. c4 Bd3 24. Rf2 Bc5 25. Rd2 Be3 26. Rxd3 Bxc1 27. b3 g5 28. f5
gxh4 29. fxe6 fxe6 30. cxd5 Bb2 31. Kg1 Nxe5 32. Re3 a6 33. Nd6 Bd4 34. Kf2
Rc2+ 35. Ke1 Bxe3 36. dxe6 Rxg2 37. e7 Rxh2 38. e8=Q+ Rxe8 39. Nxe8 hxg3 40.
Nf6+ Kf7 41. Ng4 Nxg4 42. a4 bxa3 43. Kf1 a2 44. Ke1 a1=R# 0-1

[Event "CYCC U18"]
[Site "Montreal CAN"]
[Date "2014.07.16"]
[Round "4"]
[White "Dukic, Zachary"]
[Black "Nyamdorj, Davaa-Ochir"]
[Result "1-0"]
[WhiteElo "2170"]
[BlackElo "2098"]
[PlyCount "75"]
[EventDate "2014.07.15"]
[EventType "swiss"]
[EventRounds "7"]
[EventCountry "CAN"]

1. e4 e5 2. Nf3 Nc6 3. Bc4 Bc5 4. c3 Nf6 5. d3 O-O 6. O-O a6 7. Bg5 Ba7 8. Nbd2
h6 9. Bh4 d6 10. Bb3 Be6 11. Nc4 g5 12. Nxg5 hxg5 13. Bxg5 Bg4 14. Qd2 Bh5 15.
Kh1 b5 16. f4 bxc4 17. fxe5 Nxe5 18. Bxf6 Qxf6 19. Rxf6 cxb3 20. d4 Ng6 21. Qh6
Be2 22. axb3 Rae8 23. h4 Re7 24. Re1 Bg4 25. h5 Bxh5 26. Qxh5 Kg7 27. Qg5 Re5
28. Rf5 f6 29. Qg3 Rh8+ 30. Kg1 Rhe8 31. Qg4 a5 32. Kf1 R5e7 33. Rxa5 Bb6 34.
Rh5 c6 35. Qh3 Kg8 36. Qg3 Kg7 37. Qxd6 Bc7 38. Qxc6 1-0

[Event "CYCC U18"]
[Site "Montreal CAN"]
[Date "2014.07.16"]
[Round "4"]
[White "Itkin, David"]
[Black "Knox, Christopher"]
[Result "0-1"]
[WhiteElo "2233"]
[BlackElo "2294"]
[PlyCount "80"]
[EventDate "2014.07.15"]
[EventType "swiss"]
[EventRounds "7"]
[EventCountry "CAN"]

1. e4 g6 2. d4 c6 3. Be3 d5 4. e5 Bg7 5. Bd3 Bf5 6. Bxf5 gxf5 7. Nh3 e6 8. Qh5
Ne7 9. Bh6 Bxh6 10. Qxh6 Ng6 11. Ng5 Qe7 12. c3 Nd7 13. Na3 O-O-O 14. O-O-O f6
15. exf6 Nxf6 16. Nh3 Ne4 17. Qe3 f4 18. Qd3 Rhf8 19. f3 Nd6 20. Rhe1 Nf5 21.
Nc2 Rde8 22. c4 Kb8 23. cxd5 cxd5 24. Kb1 Rc8 25. Qd2 Nfh4 26. Re2 Rc6 27. Nb4
Rd6 28. Nd3 Qf6 29. Nhf2 Qxd4 30. Ng4 Nf5 31. Qe1 Qb6 32. Qc3 Rc8 33. Qa3 Nd4
34. Red2 Nf5 35. Re2 h5 36. Nge5 Nxe5 37. Rxe5 Rdc6 38. Nxf4 Qf2 39. Re2 Qh4
40. Nxe6 Qc4 0-1

[Event "CYCC U18"]
[Site "Montreal CAN"]
[Date "2014.07.16"]
[Round "4"]
[White "Kalra, Agastya"]
[Black "Poon, Adrian"]
[Result "1-0"]
[WhiteElo "2083"]
[BlackElo "1118"]
[PlyCount "67"]
[EventDate "2014.07.15"]
[EventType "swiss"]
[EventRounds "7"]
[EventCountry "CAN"]

1. e4 e5 2. Nf3 Nc6 3. Bc4 Nd4 4. Nxe5 Qg5 5. Ng4 d5 6. Bxd5 Qxg4 7. Qxg4 Bxg4
8. f3 Nxc2+ 9. Kd1 Nxa1 10. fxg4 O-O-O 11. Bxf7 Nf6 12. Nc3 Nxg4 13. Be6+ Kb8
14. Bxg4 Bd6 15. b3 Rhe8 16. Bb2 Bf4 17. Nb1 Nxb3 18. axb3 Rxe4 19. Bf3 Re3 20.
Kc2 Re7 21. d3 Rde8 22. Be4 Re6 23. h3 Be5 24. Bxe5 Rxe5 25. Rf1 Rg5 26. Rf7 b6
27. Nc3 Rc5 28. b4 Rh5 29. Nd5 c5 30. bxc5 bxc5 31. Ne7 a5 32. g4 Rxh3 33. Nc6+
Kc8 34. Bf5+ 1-0

[Event "CYCC U18"]
[Site "Montreal CAN"]
[Date "2014.07.16"]
[Round "4"]
[White "Li, Kevin"]
[Black "Faraji, Jafar"]
[Result "1/2-1/2"]
[WhiteElo "2285"]
[BlackElo "1760"]
[PlyCount "66"]
[EventDate "2014.07.15"]
[EventType "swiss"]
[EventRounds "7"]
[EventCountry "CAN"]

1. e4 c6 2. d4 d5 3. e5 Bf5 4. Nf3 e6 5. Be2 Nd7 6. O-O c5 7. c3 Ne7 8. Nh4 Bg6
9. Be3 Nc6 10. Nxg6 hxg6 11. Nd2 Be7 12. a3 cxd4 13. cxd4 Qb6 14. Nb3 a5 15. a4
O-O 16. Rc1 Nb4 17. Bb5 Nb8 18. Nd2 Na2 19. Ra1 Nb4 20. Qg4 N8a6 21. Nf3 Nc7
22. Bg5 Bxg5 23. Nxg5 f6 24. Nf3 Nxb5 25. axb5 Qxb5 26. Qxe6+ Rf7 27. Qg4 Qd3
28. exf6 gxf6 29. Rae1 Kg7 30. Re3 Qc2 31. Nh4 Nc6 32. Rfe1 a4 33. Rc3 Re8
1/2-1/2

[Event "CYCC U18"]
[Site "Montreal CAN"]
[Date "2014.07.16"]
[Round "4"]
[White "Robichaud, Nicolas"]
[Black "Luo, Zhao Yang"]
[Result "0-1"]
[WhiteElo "1715"]
[BlackElo "2040"]
[PlyCount "64"]
[EventDate "2014.07.15"]
[EventType "swiss"]
[EventRounds "7"]
[EventCountry "CAN"]

1. e4 c6 2. d4 d5 3. e5 c5 4. dxc5 Nc6 5. Nf3 Bg4 6. Bb5 e6 7. Nbd2 Bxc5 8.
Bxc6+ bxc6 9. a3 Ne7 10. O-O O-O 11. Rb1 a5 12. h3 Bh5 13. b4 axb4 14. axb4 Bb6
15. Nb3 Qb8 16. Re1 Ra2 17. Bg5 Qa7 18. Be3 Bxf3 19. gxf3 Nf5 20. Bxb6 Qxb6 21.
Nc5 Qb5 22. Qd3 Qxd3 23. cxd3 Nh4 24. Rec1 Nxf3+ 25. Kg2 Nxe5 26. b5 cxb5 27.
Rxb5 Rd2 28. Rc3 h6 29. Kg3 Rc8 30. Rcb3 Rc2 31. Na4 Ra8 32. Nb6 Raa2 0-1

[Event "CYCC U18"]
[Site "Montreal CAN"]
[Date "2014.07.17"]
[Round "5"]
[White "D'Souza, Justin"]
[Black "Li, Kevin"]
[Result "0-1"]
[WhiteElo "1535"]
[BlackElo "2285"]
[PlyCount "90"]
[EventDate "2014.07.15"]
[EventType "swiss"]
[EventRounds "7"]
[EventCountry "CAN"]

1. c4 Nf6 2. Nc3 g6 3. e4 d6 4. Nge2 Bg7 5. g3 O-O 6. Bg2 c5 7. O-O Nc6 8. d3
Ne8 9. Be3 Nc7 10. d4 cxd4 11. Nxd4 Ne6 12. Nce2 Ne5 13. Rc1 Ng4 14. Nxe6 Nxe3
15. Nxd8 Nxd1 16. Rfxd1 Rxd8 17. Nc3 Bd7 18. b3 Rab8 19. Nd5 Kf8 20. c5 dxc5
21. Rxc5 e6 22. Ne3 Be8 23. Rxd8 Rxd8 24. e5 b6 25. Rc7 Bxe5 26. Rxa7 Bd4 27.
Bf3 Rc8 28. Rb7 Rc3 29. Kg2 b5 30. a4 Rxb3 31. axb5 Rxb5 32. Rxb5 Bxb5 33. Nc2
Bc5 34. g4 Ke7 35. Bb7 Kf6 36. f4 g5 37. Kf3 gxf4 38. Kxf4 Bd6+ 39. Kf3 Bxh2
40. Nd4 Bc4 41. Kf2 Bf4 42. Be4 Ke5 43. Kf3 Kxd4 44. Kxf4 e5+ 45. Kf5 Be6+ 0-1

[Event "CYCC U18"]
[Site "Montreal CAN"]
[Date "2014.07.17"]
[Round "5"]
[White "Faraji, Jafar"]
[Black "Dukic, Zachary"]
[Result "0-1"]
[WhiteElo "1760"]
[BlackElo "2170"]
[PlyCount "62"]
[EventDate "2014.07.15"]
[EventType "swiss"]
[EventRounds "7"]
[EventCountry "CAN"]

1. Nf3 Nf6 2. g3 g6 3. Bg2 Bg7 4. O-O O-O 5. c4 d6 6. d4 c6 7. b3 Qa5 8. Bb2
Qh5 9. Re1 Bg4 10. Nbd2 Nbd7 11. Qc2 e5 12. dxe5 dxe5 13. e4 Rfe8 14. c5 Rad8
15. b4 Bh6 16. a4 Nf8 17. Ra3 Bh3 18. Bh1 Ng4 19. Nc4 Re7 20. Nd6 Ne6 21. Rd3
Nf4 22. gxf4 Bxf4 23. Qe2 Nxh2 24. Bg2 Nxf3+ 25. Bxf3 Qg5+ 26. Kh1 Qh4 27. Kg1
Bh2+ 28. Kh1 Bf1 29. Nf5 gxf5 30. Rxd8+ Kg7 31. Bxe5+ Bxe5+ 0-1

[Event "CYCC U18"]
[Site "Montreal CAN"]
[Date "2014.07.17"]
[Round "5"]
[White "Knox, Christopher"]
[Black "Luo, Zhao Yang"]
[Result "1-0"]
[WhiteElo "2294"]
[BlackElo "2040"]
[PlyCount "71"]
[EventDate "2014.07.15"]
[EventType "swiss"]
[EventRounds "7"]
[EventCountry "CAN"]

1. d4 d5 2. Nf3 c5 3. g3 Nc6 4. Bg2 Nf6 5. O-O e6 6. a3 c4 7. Nc3 Be7 8. Re1
O-O 9. e4 dxe4 10. Nxe4 Nxe4 11. Rxe4 Bf6 12. Bf4 Qb6 13. Ne5 Bxe5 14. dxe5
Qxb2 15. Rxc4 Rd8 16. Qb1 Qxb1+ 17. Rxb1 Bd7 18. Rc5 Rab8 19. Be3 h6 20. f4
Rdc8 21. Rd1 Be8 22. Rd6 Rd8 23. Rc3 Rxd6 24. exd6 Rd8 25. Rd3 b6 26. c4 Na5
27. c5 Nc4 28. Bf2 Bb5 29. Rd1 Kf8 30. Bf1 Nxa3 31. cxb6 axb6 32. Bxb6 Rd7 33.
Ra1 Rb7 34. Rxa3 Rxb6 35. Ra8+ Be8 36. d7 1-0

[Event "CYCC U18"]
[Site "Montreal CAN"]
[Date "2014.07.17"]
[Round "5"]
[White "Leenus, Alvin"]
[Black "Datcu-Romano, Alex"]
[Result "1/2-1/2"]
[WhiteElo "1131"]
[BlackElo "1014"]
[PlyCount "46"]
[EventDate "2014.07.15"]
[EventType "swiss"]
[EventRounds "7"]
[EventCountry "CAN"]

1. e4 c5 2. Nf3 d6 3. d4 cxd4 4. Bb5+ Nc6 5. Nxd4 Bd7 6. Bxc6 bxc6 7. Nc3 Nf6
8. O-O e5 9. Nf3 Be7 10. Qd3 O-O 11. Bg5 Qc7 12. Rfd1 Be6 13. b3 Rfd8 14. Qe3
Rd7 15. Ne2 Ng4 16. Qd3 d5 17. Bxe7 Rxe7 18. c3 h6 19. Ng3 Nf6 20. Qe3 Rd8 21.
exd5 Rxd5 22. Rxd5 Bxd5 23. Nf5 Re8 1/2-1/2

[Event "CYCC U18"]
[Site "Montreal CAN"]
[Date "2014.07.17"]
[Round "5"]
[White "Nyamdorj, Davaa-Ochir"]
[Black "Itkin, David"]
[Result "0-1"]
[WhiteElo "2098"]
[BlackElo "2212"]
[PlyCount "102"]
[EventDate "2014.07.15"]
[EventType "swiss"]
[EventRounds "7"]
[EventCountry "CAN"]

1. e4 d5 2. exd5 Nf6 3. d4 Bg4 4. Bb5+ Nbd7 5. f3 Bf5 6. c4 e6 7. dxe6 Bxe6 8.
d5 Bf5 9. Ne2 Bc5 10. Nd4 Qe7+ 11. Kf2 O-O 12. Be3 Rfe8 13. Qd2 Qxe3+ 14. Qxe3
Rxe3 15. Kxe3 Re8+ 16. Kd2 Bxd4 17. Nc3 Be3+ 18. Kd1 a6 19. Bxd7 Nxd7 20. Re1
Kf8 21. Ne4 Bd4 22. Re2 Nf6 23. Nxf6 Bxf6 24. Rd2 Bg5 25. Re2 Bd3 26. Rxe8+
Kxe8 27. c5 Bc4 28. c6 b5 29. Kc2 Bxd5 30. Re1+ Be7 31. Kd3 Bxc6 32. Kd4 Kd7
33. Rd1 Bd6 34. h3 Bb7 35. b3 c5+ 36. Kd3 Ke6 37. Re1+ Kd5 38. Re8 c4+ 39. Kc2
Kc5 40. Rg8 Be5 41. Re8 Bf6 42. Rb8 Bd5 43. Rc8+ Kb4 44. bxc4 Bxc4 45. Ra8 Bxa2
46. Rxa6 Bb3+ 47. Kc1 Kc3 48. f4 Bd5 49. g4 b4 50. g5 Bd4 51. Rd6 Be3+ 0-1

[Event "CYCC U18"]
[Site "Montreal CAN"]
[Date "2014.07.17"]
[Round "5"]
[White "Poon, Adrian"]
[Black "Den Bok, Daniel"]
[Result "1-0"]
[WhiteElo "1104"]
[BlackElo "1596"]
[PlyCount "117"]
[EventDate "2014.07.15"]
[EventType "swiss"]
[EventRounds "7"]
[EventCountry "CAN"]

1. g4 d5 2. Bg2 Bxg4 3. c4 c6 4. Qb3 Qd7 5. cxd5 cxd5 6. Bxd5 Be6 7. Nc3 Bxd5
8. Qxd5 Nf6 9. Qxd7+ Nbxd7 10. d3 e6 11. a3 Rc8 12. Nf3 g6 13. Bf4 Bg7 14. Rc1
O-O 15. O-O a6 16. Rc2 Nd5 17. Bd2 Rc7 18. Rfc1 Rfc8 19. Nxd5 Rxc2 20. Ne7+ Kf8
21. Nxc8 Rxb2 22. Bb4+ Kg8 23. Rc7 Nf8 24. Ne7+ Kh8 25. Ng5 Bf6 26. Nxf7+ Kg7
27. Nd6 Kh8 28. Nec8 Rxe2 29. Nf7+ Kg7 30. Bxf8+ Kxf8 31. Nh6 Bd4 32. Rf7+ Ke8
33. Nd6+ Kd8 34. Nxb7+ Kc8 35. Nd6+ Kd8 36. Rb7 Rxf2 37. Kh1 Rf1+ 38. Kg2 Rf2+
39. Kh3 Bc5 40. Nhf7+ Rxf7 41. Nxf7+ Ke8 42. Ng5 Bxa3 43. Ra7 e5 44. Rxa6 h6
45. Rxa3 hxg5 46. Ra6 Kf7 47. Kg4 e4 48. dxe4 Kg7 49. Kxg5 Kh7 50. Rxg6 Kh8 51.
Ra6 Kh7 52. e5 Kh8 53. Ra7 Kg8 54. e6 Kf8 55. h4 Kg8 56. Kg6 Kf8 57. h5 Kg8 58.
e7 Kh8 59. e8=Q# 1-0

[Event "CYCC U18"]
[Site "Montreal CAN"]
[Date "2014.07.17"]
[Round "5"]
[White "Robichaud, Nicolas"]
[Black "Kalra, Agastya"]
[Result "0-1"]
[WhiteElo "1715"]
[BlackElo "2083"]
[PlyCount "74"]
[EventDate "2014.07.15"]
[EventType "swiss"]
[EventRounds "7"]
[EventCountry "CAN"]

1. e4 c5 2. Nc3 Nc6 3. f4 g6 4. Nf3 Bg7 5. Bb5 Nd4 6. O-O Nxb5 7. Nxb5 a6 8.
Nc3 e6 9. e5 d5 10. d4 cxd4 11. Qxd4 Ne7 12. Qf2 Nf5 13. b3 O-O 14. Ba3 Re8 15.
g4 Ne7 16. g5 b5 17. Nd1 Bb7 18. Bxe7 Rxe7 19. Nd4 Qb6 20. Qd2 Rc7 21. Ne3 Rac8
22. Rac1 Bf8 23. b4 Rc3 24. Ng4 Bxb4 25. Nf6+ Kg7 26. Kh1 R3c4 27. Qf2 Qxd4 28.
Qh4 h5 29. gxh6+ Kh8 30. Nd7 Qe4+ 31. Kg1 Qe3+ 32. Rf2 Qxc1+ 33. Rf1 Qe3+ 34.
Rf2 Qe1+ 35. Kg2 d4+ 36. Kg3 Rc3+ 37. Kg4 Qg1+ 0-1

[Event "CYCC U18"]
[Site "Montreal CAN"]
[Date "2014.07.17"]
[Round "6"]
[White "Datcu-Romano, Alex"]
[Black "Poon, Adrian"]
[Result "1-0"]
[WhiteElo "1014"]
[BlackElo "1118"]
[PlyCount "95"]
[EventDate "2014.07.15"]
[EventType "swiss"]
[EventRounds "7"]
[EventCountry "CAN"]

1. e4 e5 2. Nf3 Nc6 3. Bc4 Nd4 4. O-O b6 5. Nc3 d6 6. d3 Qf6 7. Nxd4 exd4 8.
Nd5 Qg6 9. Nxc7+ Kd8 10. Nxa8 Bh3 11. Qf3 Be6 12. Bxe6 Qxe6 13. Qf5 Be7 14.
Qxe6 fxe6 15. Nxb6 axb6 16. Bd2 Nf6 17. h3 Nd7 18. f4 Nc5 19. Rf3 Kd7 20. e5
Rc8 21. Bb4 Na4 22. exd6 Bxd6 23. Bxd6 Kxd6 24. b3 Nc3 25. Kf2 Nb5 26. Rc1 Nc3
27. a4 Na2 28. Re1 Nb4 29. Kg3 Nxc2 30. Rc1 Kd7 31. Rf2 Nb4 32. Rxc8 Kxc8 33.
Re2 Kd7 34. Re4 Nc6 35. b4 Ne7 36. Rxd4+ Ke8 37. Rc4 Kd7 38. Kf3 Nc6 39. Ke4
Na7 40. f5 Nc8 41. fxe6+ Kxe6 42. Rxc8 h6 43. a5 Kd7 44. Rc1 g5 45. a6 h5 46.
a7 g4 47. a8=Q gxh3 48. Rc6 1-0

[Event "CYCC U18"]
[Site "Montreal CAN"]
[Date "2014.07.17"]
[Round "6"]
[White "Den Bok, Daniel"]
[Black "Leenus, Alvin"]
[Result "1/2-1/2"]
[WhiteElo "1596"]
[BlackElo "1131"]
[PlyCount "150"]
[EventDate "2014.07.15"]
[EventType "swiss"]
[EventRounds "7"]
[EventCountry "CAN"]

1. d4 d5 2. c4 e6 3. Nf3 Nc6 4. Nc3 Bb4 5. a3 Bxc3+ 6. bxc3 Nf6 7. Bg5 h6 8.
Bh4 g5 9. Bg3 Ne4 10. Qc2 h5 11. Be5 f6 12. Nxg5 fxe5 13. Nxe6 Bxe6 14. f3 Qh4+
15. g3 Nxg3 16. Qg6+ Bf7 17. Qxg3 Qxg3+ 18. hxg3 exd4 19. cxd5 Bxd5 20. cxd4
O-O-O 21. e4 Bxe4 22. fxe4 Nxd4 23. O-O-O Nb3+ 24. Kc2 Rxd1 25. Kxd1 Rd8+ 26.
Kc2 Nd2 27. Bg2 Nc4 28. Kb3 Ne3 29. Bh3+ Ng4 30. Kc3 Rg8 31. Rd1 c6 32. Rd3 Kc7
33. Bxg4 Rxg4 34. Re3 Kd6 35. Kd4 b6 36. a4 a6 37. Rf3 c5+ 38. Kd3 Ke6 39. Ke3
h4 40. gxh4 Rxh4 41. Rg3 Rh6 42. Kd3 b5 43. Rg5 Rh3+ 44. Kc2 Rh2+ 45. Kb3 c4+
46. Kb4 Rb2+ 47. Kc3 Rb3+ 48. Kc2 bxa4 49. Rg6+ Ke5 50. Rxa6 a3 51. Ra4 a2 52.
Rxa2 Kxe4 53. Ra8 Rg3 54. Rc8 Kd5 55. Rd8+ Kc5 56. Rc8+ Kb5 57. Rb8+ Kc6 58.
Rc8+ Kd5 59. Rd8+ Ke5 60. Rc8 Rg2+ 61. Kc3 Rg1 62. Rxc4 Rg3+ 63. Kb2 Kd5 64.
Rc8 Rg2+ 65. Kb3 Kd6 66. Rc1 Rg5 67. Kb2 Rb5+ 68. Ka2 Kd5 69. Ka1 Kd4 70. Rc8
Kd3 71. Ka2 Kd2 72. Ka1 Ra5+ 73. Kb2 Rb5+ 74. Ka1 Kd1 75. Ka2 Ra5+ 1/2-1/2

[Event "CYCC U18"]
[Site "Montreal CAN"]
[Date "2014.07.17"]
[Round "6"]
[White "Dukic, Zachary"]
[Black "Itkin, David"]
[Result "1/2-1/2"]
[WhiteElo "2170"]
[BlackElo "2212"]
[PlyCount "82"]
[EventDate "2014.07.15"]
[EventType "swiss"]
[EventRounds "7"]
[EventCountry "CAN"]

1. Nf3 Nf6 2. d4 g6 3. g3 Bg7 4. Bg2 O-O 5. O-O d6 6. c4 Nc6 7. Nc3 Bg4 8. e4
e5 9. d5 Nd4 10. Qd3 Nd7 11. Nxd4 exd4 12. Nb5 Ne5 13. Qc2 d3 14. Qb3 Be2 15.
Re1 c5 16. Bf4 a6 17. Nc3 Bh5 18. Bxe5 Bxe5 19. f3 Qf6 20. Rf1 Qg5 21. Rad1
Qe3+ 22. Kh1 f5 23. Rfe1 Qf2 24. Rf1 Qe3 25. exf5 Rxf5 26. Rde1 Qd2 27. Ne4 Qh6
28. Qxd3 Raf8 29. f4 Bd4 30. Nxd6 R5f6 31. Nxb7 Bg4 32. b3 Rf5 33. h4 Rh5 34.
Re3 g5 35. fxg5 Rxf1+ 36. Bxf1 Rxh4+ 37. gxh4 Qxh4+ 38. Rh3 Bxh3 39. Qxh3 Qe4+
40. Bg2 Qe1+ 41. Bf1 Qe4+ 1/2-1/2

[Event "CYCC U18"]
[Site "Montreal CAN"]
[Date "2014.07.17"]
[Round "6"]
[White "Faraji, Jafar"]
[Black "D'Souza, Justin"]
[Result "1/2-1/2"]
[WhiteElo "1792"]
[BlackElo "1535"]
[PlyCount "50"]
[EventDate "2014.07.15"]
[EventType "swiss"]
[EventRounds "7"]
[EventCountry "CAN"]

1. d4 Nf6 2. Nf3 c5 3. dxc5 e6 4. g3 Bxc5 5. Bg2 O-O 6. O-O d5 7. c4 h6 8. Qc2
b6 9. Rd1 Qe7 10. Ne5 Bb7 11. e3 Nc6 12. Nxc6 Bxc6 13. a3 Rac8 14. b4 Bd6 15.
cxd5 Bxd5 16. Qd2 Bxg2 17. Kxg2 Rfd8 18. Qe2 Ne4 19. Bb2 Rc7 20. f3 Nf6 21. e4
e5 22. Nc3 Rdc8 23. Qd3 Bxb4 24. axb4 Qxb4 25. Rdb1 a5 1/2-1/2

[Event "CYCC U18"]
[Site "Montreal CAN"]
[Date "2014.07.17"]
[Round "6"]
[White "Li, Kevin"]
[Black "Knox, Christopher"]
[Result "1/2-1/2"]
[WhiteElo "2285"]
[BlackElo "2294"]
[PlyCount "66"]
[EventDate "2014.07.15"]
[EventType "swiss"]
[EventRounds "7"]
[EventCountry "CAN"]

1. e4 c5 2. Nf3 g6 3. d4 cxd4 4. Nxd4 Nc6 5. c4 Bg7 6. Be3 Nf6 7. Nc3 Ng4 8.
Qxg4 Nxd4 9. Qd1 e5 10. Bd3 O-O 11. Qd2 d6 12. O-O Be6 13. Rad1 Rc8 14. b3 Qa5
15. Ne2 Qxd2 16. Rxd2 Nc6 17. Bb1 Rfd8 18. Rfd1 Bf8 19. Nc3 a6 20. Nd5 Bxd5 21.
cxd5 Nb8 22. Rc2 Rxc2 23. Bxc2 Rc8 24. Rc1 Nd7 25. Bb1 Rxc1+ 26. Bxc1 Be7 27.
Ba3 Kf8 28. Kf1 Ke8 29. Ke2 Kd8 30. Bc1 Kc7 31. b4 b5 32. Bc2 Kb7 33. g3 Bd8
1/2-1/2

[Event "CYCC U18"]
[Site "Montreal CAN"]
[Date "2014.07.17"]
[Round "6"]
[White "Luo, Zhao Yang"]
[Black "Kalra, Agastya"]
[Result "1/2-1/2"]
[WhiteElo "2063"]
[BlackElo "2083"]
[PlyCount "44"]
[EventDate "2014.07.15"]
[EventType "swiss"]
[EventRounds "7"]
[EventCountry "CAN"]

1. d4 Nf6 2. Nf3 c5 3. e3 g6 4. Be2 Bg7 5. O-O cxd4 6. exd4 O-O 7. c3 d5 8. Bg5
Nc6 9. Nbd2 Bf5 10. Re1 Rc8 11. Qa4 Qb6 12. Qb3 Qxb3 13. axb3 a6 14. b4 Nd7 15.
b5 axb5 16. Bxb5 f6 17. Bf4 e5 18. Bg3 Ra8 19. dxe5 fxe5 20. h3 e4 21. Bxc6
bxc6 22. Nd4 Bxd4 1/2-1/2

[Event "CYCC U18"]
[Site "Montreal CAN"]
[Date "2014.07.18"]
[Round "6"]
[White "Wu, Stanley"]
[Black "Nyamdorj, Davaa-Ochir"]
[Result "1/2-1/2"]
[WhiteElo "1765"]
[BlackElo "2098"]
[PlyCount "61"]
[EventDate "2014.07.15"]
[EventType "swiss"]
[EventRounds "7"]
[EventCountry "CAN"]

1. e4 e5 2. Nf3 Nc6 3. Bc4 Bc5 4. c3 Nf6 5. d4 exd4 6. cxd4 Bb4+ 7. Bd2 Bxd2+
8. Nbxd2 d5 9. exd5 Nxd5 10. O-O O-O 11. Rc1 Nb6 12. Bb3 Bg4 13. h3 Bh5 14. Rc5
Bg6 15. Re1 Qd6 16. Ne4 Bxe4 17. Rxe4 Rad8 18. Ng5 Nxd4 19. Qh5 Qg6 20. Qxg6
hxg6 21. Rxc7 Nxb3 22. axb3 Rd1+ 23. Kh2 Rd5 24. f4 Rb5 25. Rxb7 Rxb3 26. Ree7
Rxb2 27. Nxf7 Na4 28. Nh6+ Kh8 29. Nf7+ Kg8 30. Nh6+ Kh8 31. Nf7+ 1/2-1/2

[Event "CYCC U18"]
[Site "Montreal CAN"]
[Date "2014.07.18"]
[Round "7"]
[White "Den Bok, Daniel"]
[Black "Datcu-Romano, Alex"]
[Result "1/2-1/2"]
[WhiteElo "1596"]
[BlackElo "1014"]
[PlyCount "38"]
[EventDate "2014.07.15"]
[EventType "swiss"]
[EventRounds "7"]
[EventCountry "CAN"]

1. d4 d5 2. c4 e6 3. Nc3 Nf6 4. Bg5 Be7 5. e3 O-O 6. Nf3 b6 7. Bd3 Bb7 8. O-O
c5 9. cxd5 Nxd5 10. Nxd5 Bxg5 11. Nc3 cxd4 12. Be4 Bxe4 13. Nxe4 Be7 14. Qxd4
Nc6 15. Qxd8 Rfxd8 16. Rfd1 Rxd1+ 17. Rxd1 Rd8 18. Rxd8+ Nxd8 19. Nd4 e5
1/2-1/2

[Event "CYCC U18"]
[Site "Montreal CAN"]
[Date "2014.07.18"]
[Round "7"]
[White "Itkin, David"]
[Black "Luo, Zhao Yang"]
[Result "1-0"]
[WhiteElo "2233"]
[BlackElo "2040"]
[PlyCount "71"]
[EventDate "2014.07.15"]
[EventType "swiss"]
[EventRounds "7"]
[EventCountry "CAN"]

1. e4 c6 2. d4 d5 3. f3 e6 4. Nc3 Bb4 5. Bf4 Ne7 6. a3 Ba5 7. Qd3 O-O 8. Nge2
b5 9. Qe3 Nd7 10. Nc1 c5 11. b4 cxd4 12. Qxd4 e5 13. Qd2 exf4 14. bxa5 Qxa5 15.
Nxd5 Qxd2+ 16. Kxd2 Nxd5 17. exd5 Rb8 18. Ne2 Nf6 19. Nxf4 Nxd5 20. Nxd5 Rd8
21. c4 bxc4 22. Bxc4 Be6 23. Rab1 Rbc8 24. Rhc1 Bxd5 25. Bxd5 Rxd5+ 26. Ke3
Re8+ 27. Kf2 g6 28. Rc7 Rd2+ 29. Kg3 Ree2 30. Rb8+ Kg7 31. Rbb7 g5 32. Rxf7+
Kg8 33. Kg4 Rxg2+ 34. Kf5 Rd3 35. Rg7+ Kf8 36. Rxh7 1-0